Smallest Cities with a Metro System - Statistics

General Stats
  • This quiz has been taken 982 times
    965 since last reset
  • The average score is 5 of 20
Answer Stats
Rank Population City % Correct
1 135,629 Lausanne
62%
3 211,373 Rennes
54%
4 228,652 Lille
46%
13 506,615 Lyon
37%
18 606,340 Glasgow
35%
2 196,480 Brescia
33%
7 345,141 Bilbao
30%
12 466,297 Toulouse
29%
16 588,688 Genoa
26%
6 315,601 Catania
24%
17 601,448 Copenhagen
24%
14 509,975 Nuremberg
24%
19 619,875 Rotterdam
24%
15 545,245 Lisbon
19%
8 388,072 Cleveland
18%
10 441,003 Miami
17%
20 621,849 Baltimore
15%
11 463,878 Atlanta
14%
5 278,903 Haifa
8%
9 395,326 San Juan
8%
No matching quizzes found
Score Distribution
Percent of People with Each Score
Percentile by Number Answered
Your Score History
You have not taken this quiz since the last reset